Diccionario de términos tributarios de uso común

Сохранить в:
Библиографические подробности
Главный автор: Salort Salort, Vicente E (Автор)
Формат:
Язык:испанский
Опубликовано: Santiago Edimatri 2004
Предметы:
Метки: Добавить метку
Нет меток, Требуется 1-ая метка записи!

MARC

LEADER 00000nam a2200000 a 4500
001 UCK4184
003 CL-VaPUC
008 050527e20040000CL |||||||||||||||||spa|d
082 0 4 |a 343.8304  |b SAL  |2 21 
100 0 |a Salort Salort, Vicente E  |e author  |9 492650 
245 1 0 |a Diccionario de términos tributarios de uso común 
300 |a 534 p 
942 |c BK 
945 |d 20050527 00:00:00  |a cmena 
260 |a Santiago  |b Edimatri  |c 2004 
650 0 |a Impuesto a la renta  |9 258171 
650 0 |a Derecho tributario chileno  |9 485061 
650 0 |a Diccionarios  |9 256200 
583 |a last modification  |c 20050527 00:00:00  |k Rodrigo Vera 
999 |c 313131  |d 313129 
952 |0 0  |1 0  |4 0  |6 343_830400000000000_SAL_2004  |7 0  |8 F  |9 384225  |a BIBGIM  |b BIBGIM  |d 2019-11-22  |i 4131606  |l 1  |o 343.8304 SAL 2004  |p 4131606  |r 2025-01-15  |s 2024-04-09  |w 2019-11-22  |y BK_F  |k COM